Mañana examen!: la evaluación, entre la teoría y la realidad
সংরক্ষণ করুন:
| প্রধান লেখক: | |
|---|---|
| বিন্যাস: | গ্রন্থ |
| ভাষা: | স্প্যানিশ |
| প্রকাশিত: |
Barcelona
Graó
2002
|
| সংস্করন: | 1a. ed |
| মালা: | Biblioteca de Aula. Serie Diseño y Desarrollo Curricular, 170
|
| বিষয়গুলি: | |
| ট্যাগগুলো: |
ট্যাগ যুক্ত করুন
কোনো ট্যাগ নেই, প্রথমজন হিসাবে ট্যাগ করুন!
|
MARC
| LEADER | 00000cam a2200000 a 4500 | ||
|---|---|---|---|
| 001 | UCM9913 | ||
| 003 | CL-VaPUC | ||
| 008 | 030530e20020400SP |||||||||||||||||spa|d | ||
| 020 | |a 8478272720 | ||
| 082 | 0 | 4 | |a 371.271 |b SAL |2 21 |
| 100 | 0 | |a Salinas, Dino |e author |9 476556 | |
| 245 | 1 | 0 | |a Mañana examen!: la evaluación, entre la teoría y la realidad |
| 250 | |a 1a. ed | ||
| 300 | |a 124 p | ||
| 942 | |c BK | ||
| 945 | |d 20030530 00:00:00 |a vberengu | ||
| 260 | |a Barcelona |b Graó |c 2002 | ||
| 650 | 0 | |a Exámenes |9 340201 | |
| 650 | 0 | |a Evaluación de la educación |9 237505 | |
| 583 | |a last modification |c 20110902 11:18:52 |k Rodrigo Vera | ||
| 490 | 0 | |a Biblioteca de Aula. Serie Diseño y Desarrollo Curricular, 170 | |
| 999 | |c 303992 |d 303990 | ||
| 952 | |0 0 |1 0 |4 0 |6 371_271000000000000_SAL_2002 |7 0 |8 A |9 365693 |a FDOPOS |b FDOPOS |d 2019-11-21 |i 3910431 |o 371.271 SAL 2002 |p 3910431 |r 2025-01-22 |w 2019-11-21 |y BK |k MLA | ||
| 952 | |0 0 |1 0 |4 0 |6 371_271000000000000_SAL_2002 |7 0 |8 A |9 365694 |a BIBEDU |b BIBEDU |d 2019-11-21 |i 4013212 |o 371.271 SAL 2002 |p 4013212 |r 2019-11-21 |w 2019-11-21 |y BK |k EDU | ||
| 952 | |0 0 |1 0 |4 0 |6 371_271000000000000_SAL_2002 |7 0 |8 A |9 365695 |a BIBEDU |b BIBEDU |d 2019-11-21 |i 4604199 |o 371.271 SAL 2002 |p 4604199 |r 2019-11-21 |w 2019-11-21 |y BK |k EPE | ||
| 952 | |0 0 |1 0 |4 0 |6 371_271000000000000_SAL_2002 |7 0 |8 A |9 365696 |a BIBEDU |b BIBEDU |d 2019-11-21 |i 4789709 |o 371.271 SAL 2002 |p 4789709 |r 2019-11-21 |w 2019-11-21 |y BK |k EBA | ||